000 00659nam a2200229 4500
999 _c8703
_d8703
003 PK-NaQUE
005 20250929145303.0
008 250929b ||||| |||| 00| 0 eng d
020 _a8123913621
020 _a9788123913629
040 _cQUEST
082 _a624.157MUR
100 _aMurthy, V. N. S
245 _aTextbook of Soil Mechanics and Foundation Engineering: geotechnical engineering series
260 _aIndia:
_bUBSPD,
_c1996.
300 _a932p. ;
650 _aEngineering geology
650 _aFoundations
650 _aEngineering geology
856 _uhttp://10.10.170.122:8080/browse/book/28551
_yDownload eBook
942 _cBK
_2ddc